| 000 | 00568nam a2200169Ia 4500 | ||
|---|---|---|---|
| 003 | GCL | ||
| 008 | 140319s9999 xx 000 0 ara d | ||
| 040 |
_aGCL / _cGCL |
||
| 082 | 0 | 4 |
_a381.083 _bى و |
| 100 | 1 | _aيحيى الرخاوى | |
| 245 | 1 | 0 |
_aالواقعة ( المشى على الصراط رواية علمية ) ج1 / _cيحيى الرخاوى |
| 260 |
_a[S.N] : _bدار الغد للثقافة والنشر ، _c1977 |
||
| 300 | _a261 ص | ||
| 490 |
_aالمكتبة الادبية العلمية _v0 |
||
| 650 | 0 | 4 | _aعلم النفس |
| 942 |
_2ddc _cBK |
||
| 999 |
_c54044 _d54044 |
||